[Event "SVK-chT2D 1920"]
[Site "Slovakia"]
[Date "2020.02.16"]
[Round "9.8"]
[White "Gettvert, Vojtech"]
[Black "Klea, Ondrej"]
[Result "1-0"]
[WhiteElo "1855"]
[BlackElo "1334"]
[PlyCount "55"]
[EventDate "2019.10.26"]
[EventType "team-tourn"]
[EventRounds "11"]
[EventCountry "SVK"]
[SourceTitle "CBM 195 Extra"]
[Source "ChessBase"]
[SourceDate "2020.05.31"]
[SourceVersion "1"]
[SourceVersionDate "2020.05.31"]
[SourceQuality "1"]
[WhiteTeam "Kosice Slavia UPJS III"]
[BlackTeam "Gelnica Slovan"]
[WhiteTeamCountry "SVK"]
[BlackTeamCountry "SVK"]

1. e4 e5 2. Nc3 Bc5 3. Nf3 d6 4. d4 exd4 5. Nxd4 Qf6 6. Be3 c6 7. Qd2 h6 8. Nb3 Bxe3 9. Qxe3 Ne7 10. 0-0-0 0-0 11. h3 Ng6 12. g3 Qe7 13. Qd2 Rd8 14. f4 f5 15. exf5 Bxf5 16. g4 Be6 17. Nd4 Bf7 18. Nf5 Qf6 19. Bd3 Rd7 20. Rhe1 Na6 21. g5 hxg5 22. fxg5 Qd8 23. h4 Nc5 24. h5 Nxd3+ 25. cxd3 Ne5 26. h6 g6 27. Nh4 Nf3 28. Nxf3 1-0

[Event "SVK-chT2D 1718"]
[Site "Slovakia"]
[Date "2017.11.25"]
[Round "3.5"]
[White "Kornucik, Jan"]
[Black "Gettvert, Vojtech"]
[Result "1-0"]
[WhiteElo "1979"]
[BlackElo "1886"]
[PlyCount "71"]
[EventDate "2017.10.28"]
[EventType "team-tourn"]
[EventRounds "11"]
[EventCountry "SVK"]
[SourceTitle "EXT 2019"]
[Source "ChessBase"]
[SourceDate "2018.10.10"]
[SourceVersion "1"]
[SourceVersionDate "2018.10.10"]
[SourceQuality "1"]
[WhiteTeam "Humenne Reinter"]
[BlackTeam "Kosice Slavia UPJS III"]
[WhiteTeamCountry "SVK"]
[BlackTeamCountry "SVK"]

1. e3 Nf6 2. c4 b6 3. Nc3 Bb7 4. Nf3 c5 5. d4 Nc6 6. d5 Nb8 7. e4 d6 8. e5 dxe5 9. Nxe5 Nfd7 10. f4 g6 11. Be2 Bg7 12. Qa4 0-0 13. Nc6 Bxc3+ 14. bxc3 Bxc6 15. dxc6 Nf6 16. c7 Qxc7 17. Bf3 Nbd7 18. Bxa8 Rxa8 19. 0-0 e6 20. Be3 Ne4 21. Rad1 Ndf6 22. Rd3 Re8 23. g4 Re7 24. Qd1 Ne8 25. f5 exf5 26. gxf5 Qe5 27. fxg6 hxg6 28. Bf4 Qe6 29. Qb3 N8f6 30. a4 Nh5 31. Qd1 Qxc4 32. Rd8+ Kg7 33. Qf3 Qxc3 34. Qxc3+ Nxc3 35. Bd6 Rb7 36. Be5+ 1-0

[Event "SVK-chT2D 1617"]
[Site "Slovakia"]
[Date "2016.11.05"]
[Round "3.7"]
[White "Gettvert, Vojtech"]
[Black "Jadron, Jozef"]
[Result "1-0"]
[WhiteElo "1907"]
[BlackElo "1392"]
[PlyCount "51"]
[EventDate "2016.10.08"]
[EventType "team-tourn"]
[EventRounds "11"]
[EventCountry "SVK"]
[SourceTitle "EXT 2018"]
[Source "ChessBase"]
[SourceDate "2017.10.13"]
[SourceVersion "1"]
[SourceVersionDate "2017.10.13"]
[SourceQuality "1"]
[WhiteTeam "Kosice Slavia UPJS III"]
[BlackTeam "Spisska Nova Ves"]
[WhiteTeamCountry "SVK"]
[BlackTeamCountry "SVK"]

1. e4 e5 2. Nc3 Nc6 3. f4 f6 4. Nf3 Bc5 5. fxe5 fxe5 6. Bc4 Nf6 7. Rf1 d6 8. d3 Na5 9. Bb3 Nxb3 10. axb3 h6 11. Na4 Bb6 12. Nxb6 cxb6 13. Qe2 Qe7 14. Be3 Nd7 15. Nd2 Rf8 16. Qh5+ Kd8 17. Rxf8+ Qxf8 18. Nc4 b5 19. Nb6 Nxb6 20. Bxb6+ axb6 21. Rxa8 Kc7 22. Qf3 Qxf3 23. gxf3 g6 24. Kf2 g5 25. Kg3 h5 26. h4 1-0

[Event "SVK-chT2D 1617"]
[Site "Slovakia"]
[Date "2016.10.09"]
[Round "2.7"]
[White "Gettvert, Vojtech"]
[Black "Micek, Jiri"]
[Result "1-0"]
[WhiteElo "1907"]
[BlackElo "1739"]
[PlyCount "60"]
[EventDate "2016.10.08"]
[EventType "team-tourn"]
[EventRounds "11"]
[EventCountry "SVK"]
[SourceTitle "EXT 2018"]
[Source "ChessBase"]
[SourceDate "2017.10.13"]
[SourceVersion "1"]
[SourceVersionDate "2017.10.13"]
[SourceQuality "1"]
[WhiteTeam "Kosice Slavia UPJS III"]
[BlackTeam "Margecany II"]
[WhiteTeamCountry "SVK"]
[BlackTeamCountry "SVK"]

1. e4 e5 2. Nc3 Nf6 3. f4 Nc6 4. Nf3 d6 5. Bc4 Be7 6. d3 Na5 7. fxe5 dxe5 8. Nxe5 0-0 9. Bb3 Nxb3 10. axb3 c6 11. Be3 Qc7 12. Nf3 Bg4 13. Qd2 Nd7 14. h3 Bxf3 15. gxf3 f5 16. 0-0-0 Qa5 17. Kb1 Ne5 18. f4 Nd7 19. e5 Bb4 20. Rhg1 Nb6 21. Qg2 g6 22. h4 Rae8 23. h5 Re6 24. hxg6 hxg6 25. Qh2 Rf7 26. Rh1 Rg7 27. Qh8+ Kf7 28. Rh7 Bf8 29. Bxb6 Qxb6 30. d4 Qd8 1-0

[Event "SVK-chT2D 1516"]
[Site "Slovakia"]
[Date "2016.03.12"]
[Round "10.5"]
[White "Belis, Rudolf"]
[Black "Gettvert, Vojtech"]
[Result "0-1"]
[WhiteElo "1985"]
[BlackElo "1885"]
[PlyCount "60"]
[EventDate "2015.10.17"]
[EventType "team-tourn"]
[EventRounds "11"]
[EventCountry "SVK"]
[SourceTitle "EXT 2017"]
[Source "ChessBase"]
[SourceDate "2016.10.25"]
[SourceVersion "1"]
[SourceVersionDate "2016.10.25"]
[SourceQuality "1"]
[WhiteTeam "Presov Tatran Dason"]
[BlackTeam "Kosice Slavia UPJS III"]
[WhiteTeamCountry "SVK"]
[BlackTeamCountry "SVK"]

1. d4 Nf6 2. Nc3 d6 3. e4 g6 4. Be3 Bg7 5. Qd2 c6 6. Bh6 Bxh6 7. Qxh6 b5 8. Bd3 Nbd7 9. f4 e5 10. Nf3 exd4 11. Nxd4 Qb6 12. Nce2 Ng4 13. Qg7 Rf8 14. Qxh7 Nc5 15. Qh4 Ne3 16. Qg3 Nc4 17. 0-0-0 Bd7 18. Qh4 Qa5 19. Kb1 Qb4 20. Nb3 Nxb3 21. axb3 Ne3 22. Rc1 a5 23. Qf6 a4 24. c3 Ng4 25. Qg5 Qc5 26. Qxc5 dxc5 27. Bc2 axb3 28. Bxb3 Nf2 29. Rhf1 Nxe4 30. Bc2 Nd2# 0-1

[Event "SVK-chT2D 1516"]
[Site "Slovakia"]
[Date "2015.12.05"]
[Round "5.7"]
[White "Nadzamova, Sofia"]
[Black "Gettvert, Vojtech"]
[Result "1/2-1/2"]
[WhiteElo "1808"]
[BlackElo "1885"]
[PlyCount "132"]
[EventDate "2015.10.17"]
[EventType "team-tourn"]
[EventRounds "11"]
[EventCountry "SVK"]
[SourceTitle "CBM 170 Extra"]
[Source "ChessBase"]
[SourceDate "2016.02.25"]
[SourceVersion "1"]
[SourceVersionDate "2016.02.25"]
[SourceQuality "1"]
[WhiteTeam "Kosice Slavia IV"]
[BlackTeam "Kosice Slavia UPJS III"]
[WhiteTeamCountry "SVK"]
[BlackTeamCountry "SVK"]

1. e4 d6 2. d4 Nf6 3. Bd3 g6 4. Bg5 Bg7 5. Nf3 0-0 6. c3 Nbd7 7. Nbd2 c5 8. 0-0 Re8 9. Qc2 b6 10. Rfe1 e5 11. d5 a6 12. a4 h6 13. Bh4 g5 14. Bg3 Nh5 15. Nc4 Nf8 16. b4 cxb4 17. cxb4 Ng6 18. Nfd2 Ngf4 19. f3 Nxg3 20. hxg3 Nxd3 21. Qxd3 Bf8 22. Qe3 Rb8 23. f4 exf4 24. gxf4 gxf4 25. Qxf4 Qg5 26. Qxg5+ hxg5 27. Nf3 g4 28. Nd4 Bg7 29. Rad1 Bxd4+ 30. Rxd4 Rd8 31. e5 dxe5 32. Nxe5 Bd7 33. Rf1 Rbc8 34. Nxd7 Rxd7 35. Rxg4+ Kf8 36. Rd4 Re8 37. Rc1 Rd6 38. Rcd1 Red8 39. Kf2 Ke7 40. Kf3 Kf6 41. Kf4 Kg6 42. g3 f6 43. g4 R8d7 44. R1d3 Rd8 45. Rd2 R8d7 46. R4d3 Rd8 47. Kf3 R8d7 48. Rc3 Kg5 49. Rcd3 Kg6 50. Rd4 Rd8 51. Rc2 f5 52. Kf4 fxg4 53. Kxg4 Kf6 54. Kf4 R8d7 55. b5 axb5 56. axb5 Rxd5 57. Rxd5 Rxd5 58. Rc6+ Ke7 59. Rxb6 Kd7 60. Ke4 Rd1 61. Rh6 Kc7 62. Rg6 Kb7 63. Rh6 Rb1 64. Rh5 Kb6 65. Kd4 Rxb5 66. Rxb5+ Kxb5 1/2-1/2

[Event "SVK-chT2D 1516"]
[Site "Slovakia"]
[Date "2015.11.07"]
[Round "3.6"]
[White "Panko, Eduard"]
[Black "Gettvert, Vojtech"]
[Result "0-1"]
[WhiteElo "1956"]
[BlackElo "1885"]
[PlyCount "76"]
[EventDate "2015.10.17"]
[EventType "team-tourn"]
[EventRounds "11"]
[EventCountry "SVK"]
[SourceTitle "CBM 169 Extra"]
[Source "ChessBase"]
[SourceDate "2015.12.18"]
[SourceVersion "1"]
[SourceVersionDate "2015.12.18"]
[SourceQuality "1"]
[WhiteTeam "Bardejov II"]
[BlackTeam "Kosice Slavia UPJS III"]
[WhiteTeamCountry "SVK"]
[BlackTeamCountry "SVK"]

1. e4 d6 2. d4 Nf6 3. Nc3 g6 4. Nf3 Bg7 5. Bc4 0-0 6. h3 c6 7. Be3 e6 8. Bg5 Qc7 9. Qd2 Nbd7 10. Bh6 e5 11. Bxg7 Kxg7 12. 0-0-0 a6 13. Ng5 h6 14. Nf3 b5 15. Rhe1 exd4 16. Ne2 c5 17. Bd5 Nxd5 18. exd5 Nf6 19. Nf4 g5 20. Ne2 Ne4 21. Qd3 Nxf2 22. Qd2 Nxd1 23. Rxd1 Qe7 24. Ng3 f5 25. Re1 Qf7 26. c3 f4 27. Ne4 Qxd5 28. cxd4 Bf5 29. Nc3 Qc6 30. d5 Qd7 31. g4 fxg3 32. Nxg5 Rae8 33. Ne6+ Bxe6 34. dxe6 Rxe6 35. Rg1 Rg6 36. Ne4 Qxh3 37. Qc3+ Kh7 38. Rxg3 Qh1+ 0-1

[Event "SVK-chT2D 1516"]
[Site "Slovakia"]
[Date "2015.10.18"]
[Round "2.6"]
[White "Sutor, Alexander"]
[Black "Gettvert, Vojtech"]
[Result "1/2-1/2"]
[WhiteElo "1723"]
[BlackElo "1885"]
[PlyCount "64"]
[EventDate "2015.10.17"]
[EventType "team-tourn"]
[EventRounds "11"]
[EventCountry "SVK"]
[SourceTitle "CBM 169 Extra"]
[Source "ChessBase"]
[SourceDate "2015.12.18"]
[SourceVersion "1"]
[SourceVersionDate "2015.12.18"]
[SourceQuality "1"]
[WhiteTeam "Stara Lubovna SO II"]
[BlackTeam "Kosice Slavia UPJS III"]
[WhiteTeamCountry "SVK"]
[BlackTeamCountry "SVK"]

1. e4 d6 2. d4 Nf6 3. Nc3 g6 4. Bf4 Bg7 5. Bc4 0-0 6. Qd2 c6 7. 0-0-0 b5 8. Bd3 Nbd7 9. f3 Nb6 10. Bh6 Nc4 11. Bxc4 bxc4 12. Bxg7 Kxg7 13. Na4 Kg8 14. g4 Rb8 15. Ne2 d5 16. e5 Nd7 17. h4 Qc7 18. h5 e6 19. Qh6 Nb6 20. Nc5 Qe7 21. Nf4 g5 22. Nh3 f6 23. exf6 Qxf6 24. Qxg5+ Qxg5+ 25. Nxg5 h6 26. Ngxe6 Bxe6 27. Nxe6 Rxf3 28. Nc5 Re8 29. Rde1 Rfe3 30. Kd2 c3+ 31. bxc3 Nc4+ 32. Kd1 Nb2+ 1/2-1/2

[Event "SVK-chT2D 14/15"]
[Site "Slovakia"]
[Date "2014.11.09"]
[Round "4.1"]
[White "Gettvert, Vojtech"]
[Black "Jusko, Peter"]
[Result "1/2-1/2"]
[WhiteElo "1918"]
[BlackElo "1901"]
[PlyCount "98"]
[EventDate "2014.10.11"]
[EventType "team-tourn"]
[EventRounds "11"]
[EventCountry "SVK"]
[SourceTitle "EXT 2019"]
[Source "ChessBase"]
[SourceDate "2018.10.10"]
[SourceVersion "1"]
[SourceVersionDate "2018.10.10"]
[SourceQuality "1"]
[WhiteTeam "Kosice Slavia UPJS III"]
[BlackTeam "Sabinov II"]
[WhiteTeamCountry "SVK"]
[BlackTeamCountry "SVK"]

1. e4 c5 2. c3 d5 3. exd5 Qxd5 4. d4 Nf6 5. Nf3 Bg4 6. Be2 e6 7. 0-0 Be7 8. Na3 Nc6 9. Nc2 cxd4 10. Ncxd4 Nxd4 11. Nxd4 Bxe2 12. Qxe2 a6 13. Be3 0-0 14. Rfd1 Rac8 15. Nf3 Qa5 16. c4 Rfd8 17. b3 Bc5 18. Bxc5 Qxc5 19. Rd3 Rxd3 20. Qxd3 b5 21. cxb5 axb5 22. Rd1 Nd5 23. h3 h6 24. a4 bxa4 25. bxa4 Nc3 26. Ra1 Ra8 27. Qd7 Ra7 28. Qe8+ Kh7 29. a5 Ne2+ 30. Kh2 Qxf2 31. Qb8 Qc5 32. a6 f6 33. Qb1+ f5 34. Qb8 Qe3 35. Qe5 Qf4+ 36. Qxf4 Nxf4 37. Nd4 Nd5 38. Nc6 Ra8 39. a7 Nb6 40. Rb1 Nc8 41. Rb7 e5 42. Rc7 Nxa7 43. Rxa7 Rxa7 44. Nxa7 g5 45. Nc6 e4 46. Kg3 Kg6 47. Kf2 f4 48. Ke2 h5 49. Nd4 Kf6 1/2-1/2

[Event "SVK-chT2D 14/15"]
[Site "Slovakia"]
[Date "2014.10.12"]
[Round "2.1"]
[White "Gettvert, Vojtech"]
[Black "Stromp, Julius"]
[Result "1-0"]
[WhiteElo "1918"]
[BlackElo "2056"]
[PlyCount "79"]
[EventDate "2014.10.11"]
[EventType "team-tourn"]
[EventRounds "11"]
[EventCountry "SVK"]
[SourceTitle "EXT 2019"]
[Source "ChessBase"]
[SourceDate "2018.10.10"]
[SourceVersion "1"]
[SourceVersionDate "2018.10.10"]
[SourceQuality "1"]
[WhiteTeam "Kosice Slavia UPJS III"]
[BlackTeam "Spisska Nova Ves"]
[WhiteTeamCountry "SVK"]
[BlackTeamCountry "SVK"]

1. e4 e5 2. Nc3 Nf6 3. f4 Bb4 4. fxe5 Bxc3 5. dxc3 Nxe4 6. Qg4 Nc5 7. Qxg7 Rf8 8. Bg5 Ne6 9. Qxf8+ Kxf8 10. Bxd8 Nxd8 11. Bd3 Kg7 12. Nf3 Nbc6 13. 0-0 Ne6 14. Rae1 d6 15. exd6 cxd6 16. Bc4 Bd7 17. Nd4 Ncxd4 18. cxd4 Rc8 19. Bb3 Rc7 20. c3 a5 21. Rf3 a4 22. Bd5 Bc8 23. g3 a3 24. bxa3 Nf8 25. Ref1 Be6 26. Bxe6 Nxe6 27. Rb1 Ng5 28. Re3 f5 29. Rb6 Ne4 30. g4 Kg6 31. gxf5+ Kxf5 32. Rf3+ Kg4 33. Rd3 Kf4 34. Rb2 Nxc3 35. Rc2 Nb5 36. Rxc7 Nxc7 37. Rh3 Ne6 38. Rxh7 b5 39. Rd7 Nxd4 40. Rxd6 1-0

[Event "SVK-chT2D 1314"]
[Site "Slovakia"]
[Date "2013.11.24"]
[Round "4.4"]
[White "Hennel, Karol"]
[Black "Gettvert, Vojtech"]
[Result "1-0"]
[WhiteElo "2057"]
[BlackElo "1964"]
[PlyCount "41"]
[EventDate "2013.10.19"]
[EventType "team-tourn"]
[EventRounds "11"]
[EventCountry "SVK"]
[SourceTitle "EXT 2015"]
[Source "ChessBase"]
[SourceDate "2014.11.20"]
[SourceVersion "1"]
[SourceVersionDate "2014.11.20"]
[SourceQuality "1"]
[WhiteTeam "Kezmarok II"]
[BlackTeam "Kosice Slavia UPJS III"]
[WhiteTeamCountry "SVK"]
[BlackTeamCountry "SVK"]

1. e4 d6 2. d4 Nf6 3. Nc3 g6 4. f4 Bg7 5. Nf3 c5 6. Bb5+ Bd7 7. e5 Ng4 8. dxc5 Bxb5 9. h3 Bd7 10. hxg4 dxe5 11. Nxe5 Qc7 12. Nd5 Qxc5 13. Be3 Qc8 14. Nxd7 Nxd7 15. Bd4 Bxd4 16. Qxd4 Rf8 17. 0-0-0 Qc6 18. Rhe1 e6 19. Qb4 Nc5 20. Nf6+ Ke7 21. Rd7+ 1-0

[Event "SVK-chT2D 1314"]
[Site "Slovakia"]
[Date "2013.10.20"]
[Round "2.7"]
[White "Sabol, Jan"]
[Black "Gettvert, Vojtech"]
[Result "1-0"]
[WhiteElo "1873"]
[BlackElo "1964"]
[PlyCount "105"]
[EventDate "2013.10.19"]
[EventType "team-tourn"]
[EventRounds "11"]
[EventCountry "SVK"]
[SourceTitle "EXT 2015"]
[Source "ChessBase"]
[SourceDate "2014.11.20"]
[SourceVersion "1"]
[SourceVersionDate "2014.11.20"]
[SourceQuality "1"]
[WhiteTeam "Presov Slavia PU"]
[BlackTeam "Kosice Slavia UPJS III"]
[WhiteTeamCountry "SVK"]
[BlackTeamCountry "SVK"]

1. d4 Nf6 2. Nf3 g6 3. c4 Bg7 4. Nc3 d6 5. e4 0-0 6. Be2 e5 7. 0-0 Nbd7 8. Be3 Re8 9. d5 Nc5 10. Qc2 a5 11. Rad1 b6 12. Nd2 Rf8 13. b3 Ng4 14. Bxg4 Bxg4 15. f3 Bc8 16. Ne2 f5 17. exf5 gxf5 18. f4 e4 19. Bd4 Bxd4+ 20. Nxd4 Qf6 21. Nb5 Rf7 22. Nb1 Ba6 23. N1c3 Bxb5 24. Nxb5 Re8 25. Qe2 Ree7 26. Qe3 Rg7 27. Kh1 Rg4 28. Nd4 Reg7 29. Rg1 R7g6 30. Rd2 Nd3 31. Ne6 Qh4 32. g3 Qh5 33. Rdg2 Rf6 34. Qd4 Rf7 35. Ng5 Rxg5 36. fxg5 Qxg5 37. Rf1 Ne5 38. Qd2 Qg6 39. Qf4 Nd3 40. Qe3 Ne5 41. Rf4 Qg7 42. Qe2 Nf3 43. Qb2 Ne5 44. Qc3 h5 45. Rg1 Nd3 46. Qxg7+ Kxg7 47. Rff1 Kg6 48. Kg2 Re7 49. Rd1 f4 50. gxf4 Nxf4+ 51. Kf2+ Kf5 52. Ke3 Rf7 53. Rdf1 1-0

[Event "SVK-chT2D 1112"]
[Site "Slovakia"]
[Date "2012.01.29"]
[Round "9.5"]
[White "Nemergut, Patrik"]
[Black "Gettvert, Vojtech"]
[Result "1-0"]
[WhiteElo "1916"]
[BlackElo "1986"]
[PlyCount "89"]
[EventDate "2011.10.08"]
[EventType "team-tourn"]
[EventRounds "11"]
[EventCountry "SVK"]
[SourceTitle "EXT 2013"]
[Source "ChessBase"]
[SourceDate "2012.11.22"]
[SourceVersion "1"]
[SourceVersionDate "2012.11.22"]
[SourceQuality "1"]
[WhiteTeam "Stara Lubovna"]
[BlackTeam "Kosice Slavia UPJS III"]
[WhiteTeamCountry "SVK"]
[BlackTeamCountry "SVK"]

1. e4 e5 2. Nf3 d6 3. Bc4 Be7 4. 0-0 Nf6 5. Re1 0-0 6. c3 Bg4 7. d4 Nbd7 8. Nbd2 Bh5 9. Qb3 Rb8 10. Be2 Bg6 11. dxe5 dxe5 12. Bc4 c6 13. h3 b5 14. Bf1 Qb6 15. Qc2 Qc7 16. Nh4 Bc5 17. c4 bxc4 18. Bxc4 Bd4 19. Nxg6 hxg6 20. Nf3 Nb6 21. Nxd4 exd4 22. e5 Nfd5 23. e6 Rbe8 24. exf7+ Qxf7 25. Rxe8 Rxe8 26. Bd2 Qf6 27. Bd3 g5 28. Rc1 Rf8 29. Be1 Nf4 30. Bf1 c5 31. Qb3+ Kh8 32. Rxc5 Nd7 33. Rb5 Ne5 34. Rb8 g4 35. Rxf8+ Qxf8 36. hxg4 Nxg4 37. Qg3 Nh6 38. Bd2 Nh5 39. Qg6 Nf4 40. Qg5 Ne6 41. Qd5 Qf5 42. Bc4 Qxd5 43. Bxd5 Nc7 44. Bxh6 Nxd5 45. Bd2 1-0

[Event "SVK-chT2D 1112"]
[Site "Slovakia"]
[Date "2011.11.05"]
[Round "3.4"]
[White "Gettvert, Vojtech"]
[Black "Belus, Benjamin"]
[Result "1-0"]
[WhiteElo "1986"]
[BlackElo "1933"]
[PlyCount "69"]
[EventDate "2011.10.08"]
[EventType "team-tourn"]
[EventRounds "11"]
[EventCountry "SVK"]
[SourceTitle "EXT 2013"]
[Source "ChessBase"]
[SourceDate "2012.11.22"]
[SourceVersion "1"]
[SourceVersionDate "2012.11.22"]
[SourceQuality "1"]
[WhiteTeam "Kosice Slavia UPJS III"]
[BlackTeam "Presov Slavia PU"]
[WhiteTeamCountry "SVK"]
[BlackTeamCountry "SVK"]

1. e4 c5 2. c3 e6 3. d4 Nf6 4. e5 Nd5 5. Nf3 cxd4 6. cxd4 Bb4+ 7. Bd2 Qa5 8. g3 Nc6 9. a3 b6 10. Be2 Bb7 11. 0-0 Bxd2 12. Nbxd2 b5 13. Ne4 0-0 14. Nd6 Ba6 15. Re1 Nd8 16. Ng5 f5 17. Bf3 h6 18. Nh3 g5 19. Bxd5 exd5 20. Qh5 Kg7 21. Ne8+ Rxe8 22. Qxe8 Bc8 23. Qe7+ Nf7 24. Qf6+ Kg8 25. Qxf5 Qb6 26. Rad1 a5 27. f4 gxf4 28. Nxf4 Ng5 29. Rf1 Ba6 30. e6 dxe6 31. Qg6+ Kh8 32. Qxh6+ Nh7 33. Ng6+ Kg8 34. Ne7+ Kh8 35. Rf7 1-0

[Event "SVK-chT2D 1112"]
[Site "Slovakia"]
[Date "2011.10.08"]
[Round "1.5"]
[White "Kalavsky, Frantisek"]
[Black "Gettvert, Vojtech"]
[Result "0-1"]
[WhiteElo "1923"]
[BlackElo "1986"]
[PlyCount "112"]
[EventDate "2011.10.08"]
[EventType "team-tourn"]
[EventRounds "11"]
[EventCountry "SVK"]
[SourceTitle "EXT 2013"]
[Source "ChessBase"]
[SourceDate "2012.11.22"]
[SourceVersion "1"]
[SourceVersionDate "2012.11.22"]
[SourceQuality "1"]
[WhiteTeam "Gelnica Slovan"]
[BlackTeam "Kosice Slavia UPJS III"]
[WhiteTeamCountry "SVK"]
[BlackTeamCountry "SVK"]

1. e4 d6 2. d4 Nf6 3. Nc3 g6 4. f3 Bg7 5. Be3 c6 6. Bc4 b5 7. Bb3 a6 8. Nge2 Nbd7 9. 0-0 Nb6 10. a4 Nc4 11. Bc1 Bb7 12. Bxc4 bxc4 13. a5 0-0 14. Nf4 Nd7 15. Be3 Rb8 16. Qe2 e5 17. dxe5 Nxe5 18. Bb6 Qf6 19. Nh3 Bc8 20. Nf2 Nd7 21. Qxc4 Nxb6 22. axb6 Rxb6 23. Na4 Rb5 24. Qxc6 Bb7 25. Qc4 Rc8 26. Qd3 d5 27. c3 Rd8 28. Rfd1 Re8 29. exd5 Rxd5 30. Qc2 Rde5 31. Ng4 Qf5 32. Qxf5 Rxf5 33. Rd7 Bc6 34. Rd2 h5 35. Nf2 Bxa4 36. g4 Rf4 37. gxh5 Bb5 38. hxg6 fxg6 39. Kg2 Ref8 40. Nh3 Rxf3 41. Ng5 Rd3 42. Rxd3 Bxd3 43. Ne6 Rf6 44. Nxg7 Kxg7 45. Rc1 Bc4 46. Rc2 Kf7 47. Rd2 Ke6 48. Kg3 Bd5 49. Kg4 Rf1 50. Kg3 Ke5 51. Re2+ Be4 52. Kh4 Kf4 53. Rd2 Rg1 54. Rf2+ Bf3 55. c4 Rg4+ 56. Kh3 Rg5 0-1

[Event "SVK-chT2D 10/11"]
[Site "Slovakia"]
[Date "2011.03.26"]
[Round "10.2"]
[White "Mrva, Vladimir"]
[Black "Gettvert, Vojtech"]
[Result "1-0"]
[WhiteElo "2130"]
[BlackElo "2014"]
[PlyCount "171"]
[EventDate "2010.10.23"]
[EventType "team-tourn"]
[EventRounds "11"]
[EventCountry "SVK"]
[SourceTitle "EXT 2019"]
[Source "ChessBase"]
[SourceDate "2018.10.10"]
[SourceVersion "1"]
[SourceVersionDate "2018.10.10"]
[SourceQuality "1"]
[WhiteTeam "Sabinov II"]
[BlackTeam "Kosice Slavia UPJS IV"]
[WhiteTeamCountry "SVK"]
[BlackTeamCountry "SVK"]

1. e4 d6 2. d4 Nf6 3. Nc3 g6 4. Nf3 Bg7 5. Be2 0-0 6. 0-0 Nc6 7. d5 Nb8 8. h3 e5 9. Bg5 h6 10. Be3 Nbd7 11. Nh2 Kh7 12. Qd2 Ng8 13. f4 exf4 14. Rxf4 Ne5 15. Raf1 Qe7 16. Nb5 a6 17. Nd4 Bd7 18. b3 Rae8 19. c4 Nf6 20. Qc2 c5 21. dxc6 bxc6 22. Bd1 d5 23. exd5 cxd5 24. c5 Nc6 25. Bf2 Ne4 26. Nxc6 Bxc6 27. Re1 Qc7 28. Be3 d4 29. Bc1 Be5 30. Rfxe4 Bxh2+ 31. Kh1 Bxe4 32. Rxe4 Rxe4 33. Qxe4 Qe5 34. Qh4 h5 35. Qf2 Bg3 36. Qf1 Qe1 37. Qxe1 Bxe1 38. c6 Rc8 39. Bf3 d3 40. Bf4 Ba5 41. Kg1 d2 42. Kf1 Rxc6 43. Bxd2 Rc5 44. b4 Rc2 45. Ke1 Bc7 46. Bd5 Bg3+ 47. Kd1 Rc7 48. Ke2 Kg7 49. a4 Be5 50. Kd3 Kf6 51. b5 axb5 52. axb5 Bd6 53. b6 Rc8 54. b7 Rd8 55. Ke4 Re8+ 56. Kf3 Ke5 57. Bxf7 Rb8 58. Bxg6 Rxb7 59. Bxh5 Rb3+ 60. Ke2 Rb2 61. Kd3 Rb3+ 62. Bc3+ Kf4 63. Bf7 Ra3 64. Kc4 Ra7 65. Bd5 Ra4+ 66. Kb5 Ra7 67. Bd2+ Kf5 68. g4+ Ke5 69. Bc6 Ra2 70. Bc3+ Kf4 71. Bd7 Rh2 72. Kc6 Be7 73. Kd5 Rxh3 74. Bd2+ Kf3 75. Ke6 Bh4 76. Kf5 Ke2 77. Bf4 Ra3 78. Bd6 Ra5+ 79. Ke4 Ra8 80. Kf4 Rd8 81. Bb5+ Kf2 82. Bc5+ Kg2 83. Bc6+ Kh3 84. g5 Bg3+ 85. Ke4 Rd1 86. g6 1-0

[Event "SVK-chT2D 10/11"]
[Site "Slovakia"]
[Date "2011.01.08"]
[Round "5.5"]
[White "Harvan, Richard"]
[Black "Gettvert, Vojtech"]
[Result "1/2-1/2"]
[WhiteElo "1895"]
[BlackElo "2014"]
[PlyCount "89"]
[EventDate "2010.10.23"]
[EventType "team-tourn"]
[EventRounds "11"]
[EventCountry "SVK"]
[SourceTitle "EXT 2019"]
[Source "ChessBase"]
[SourceDate "2018.10.10"]
[SourceVersion "1"]
[SourceVersionDate "2018.10.10"]
[SourceQuality "1"]
[WhiteTeam "Kosice Slavia TU V"]
[BlackTeam "Kosice Slavia UPJS IV"]
[WhiteTeamCountry "SVK"]
[BlackTeamCountry "SVK"]

1. e4 d6 2. d4 Nf6 3. Nc3 g6 4. Be3 Bg7 5. Qd2 c6 6. Bh6 Bxh6 7. Qxh6 Qa5 8. f3 Be6 9. Nge2 b5 10. Qd2 Nbd7 11. Nf4 Bc4 12. Bxc4 bxc4 13. 0-0 0-0 14. b3 Rab8 15. Rfd1 Kg7 16. Nfe2 Rb7 17. f4 Qh5 18. e5 Nd5 19. bxc4 Nxc3 20. Nxc3 Rfb8 21. exd6 exd6 22. d5 c5 23. Ne4 Rb6 24. Qc3+ f6 25. Ng3 Qg4 26. Qe3 Rf8 27. Qe6 Qxe6 28. dxe6 Nb8 29. Ne4 Re8 30. Nxd6 Rxe6 31. Nc8 Rb2 32. Rab1 Rxb1 33. Rxb1 Nc6 34. Rb7+ Kh6 35. Nxa7 Nb4 36. Rc7 Ra6 37. Nb5 Rxa2 38. Rxc5 Rxc2 39. Rc8 Nd3 40. g3 Kh5 41. Nd4 Rd2 42. Rc7 Kg4 43. Rxh7 Rd1+ 44. Kg2 Nxf4+ 45. gxf4 1/2-1/2

[Event "SVK-chT2D 0910"]
[Site "Slovakia"]
[Date "2010.02.06"]
[Round "8.2"]
[White "Jacko, Vladimir"]
[Black "Gettvert, Vojtech"]
[Result "1/2-1/2"]
[WhiteElo "2137"]
[BlackElo "2034"]
[PlyCount "69"]
[EventDate "2009.10.10"]
[EventType "team"]
[EventRounds "11"]
[EventCountry "SVK"]
[SourceTitle "EXT 2011"]
[Source "ChessBase"]
[SourceDate "2010.11.26"]
[SourceVersion "1"]
[SourceVersionDate "2010.11.26"]
[SourceQuality "1"]
[WhiteTeam "Presov PSK"]
[BlackTeam "Kosice Slavia III"]
[WhiteTeamCountry "SVK"]
[BlackTeamCountry "SVK"]

1. c4 Nf6 2. Nc3 g6 3. e4 d6 4. h3 Bg7 5. g3 c5 6. Bg2 Nc6 7. Nge2 0-0 8. 0-0 Bd7 9. d3 a6 10. f4 Qc8 11. Kh2 e6 12. Be3 h5 13. Qd2 Qc7 14. Rac1 Rad8 15. d4 cxd4 16. Nxd4 Nxd4 17. Bxd4 Bc6 18. Qf2 Qe7 19. Rfe1 Nd7 20. Nd5 Bxd5 21. Bxg7 Kxg7 22. cxd5 Rc8 23. dxe6 fxe6 24. Qa7 Nf6 25. e5 dxe5 26. fxe5 Nd5 27. Rxc8 Rxc8 28. Bxd5 exd5 29. e6 Rc2+ 30. Kh1 Qb4 31. Qe3 Qe4+ 32. Qxe4 dxe4 33. Rxe4 Kf8 34. Rb4 b5 35. a4 1/2-1/2